Statistics for Largest Cities in the Sudans

Click here to take the quiz!

General Stats

  • This quiz has been taken 73 times
  • The average score is 5 of 10

Answers on the Map

Answers color-coded by a green-red scale on the quiz's map according to % correct below.
 

Answer Stats

CountryPopulationCity% Correct
Sudan1,410,858Khartoum
100%
South Sudan230,195Juba
88%
Sudan394,561Port Sudan
78%
Sudan1,849,659Omdurman
67%
Sudan1,012,211Khartoum North
33%
South Sudan118,331Wau
31%
Sudan492,984Nyala
29%
South Sudan114,528Malakal
20%
South Sudan69,720Yei
18%
South Sudan105,881Yambio
16%

Score Distribution

Percentile by Number Answered

Percent of People with Each Score

Your Score History

You have not taken this quiz